Daughters of the Sun: Small Human Images in Megalithic Iberia, 4th-3rd Millennium BC

Saved in:

Main Authors: Bueno-Ramírez, Primitiva (Author), Soler Díaz, Jorge A. (Author)

Format: Book

Published: Oxford Archaeopress Publishing Ltd 2025

Tags: Add Tag

No Tags, Be the first to tag this record!

Call Number:

LEADER 00739namaa2200181 4500
001 9781805831372
003 UkOxAP
005 20260405155019.0
020 |a 9781805831389 
776 1 |x 9781805831372 
245 0 0 |a Daughters of the Sun: Small Human Images in Megalithic Iberia, 4th-3rd Millennium BC 
100 1 |a Bueno-Ramírez, Primitiva  |e Author  |l English 
700 1 |a Soler Díaz, Jorge A.  |e Author  |l English 
856 4 2 |a http://library.arce.org:8087/Archaeopress/Products/9781805831389 
260 |a Oxford  |b Archaeopress Publishing Ltd  |c 2025 
270 |a Archaeopress Publishing Ltd, Summertown Pavillion, 18 -24 Middle Way, Summertown  |b Oxford  |d United Kingdom  |e OX2 7LG  |k 44-1865-311914  |m info@archaeopress.com 
942 |2 lcc  |c EBOOK 
999 |c 62157  |d 62157